Countries of the World - Sudden Death - Statistics

General Stats
  • This quiz has been taken 104 times
  • The average score is 111 of 196
Answers on the Grid
Answers color-coded by a green-red scale on the quiz's grid according to % correct below.
Afghanistan
Albania
Algeria
Andorra
Angola
Antigua and Barbuda
Argentina
Armenia
Australia
Austria
Azerbaijan
Bahamas
Bahrain
Bangladesh
Barbados
Belarus
Belgium
Belize
Benin
Bhutan
Bolivia
Bosnia and Herzegovina
Botswana
Brazil
Brunei
Bulgaria
Burkina Faso
Burundi
Cambodia
Cameroon
Canada
Cape Verde
Central African Republic
Chad
Chile
China
Colombia
Comoros
Costa Rica
Croatia
Cuba
Cyprus
Czech Republic
Democratic Republic
of the Congo
Denmark
Djibouti
Dominica
Dominican Republic
East Timor
Ecuador
Egypt
El Salvador
Equatorial Guinea
Eritrea
Estonia
Eswatini
Ethiopia
Federated States
of Micronesia
Fiji
Finland
France
Guiana
Gabon
Gambia
Georgia
Germany
Ghana
Greece
Greenland
Grenada
Guatemala
Guinea
Guinea-Bissau
Guyana
Haiti
Honduras
Hungary
Iceland
India
Indonesia
Iran
Iraq
Ireland
Israel
Italy
Ivory Coast
Jamaica
Japan
Jordan
Kazakhstan
Kenya
Kiribati
Kosovo
Kuwait
Kyrgyzstan
Laos
Latvia
Lebanon
Lesotho
Liberia
Libya
Liechtenstein
Lithuania
Luxembourg
Madagascar
Malawi
Malaysia
Maldives
Mali
Malta
Marshall Islands
Mauritania
Mauritius
Mexico
Moldova
Monaco
Mongolia
Montenegro
Morocco
Mozambique
Myanmar
Namibia
Nauru
Nepal
Netherlands
New Zealand
Nicaragua
Niger
Nigeria
North Korea
North Macedonia
Norway
Oman
Pakistan
Palau
Palestine
Panama
Papua New Guinea
Paraguay
Peru
Philippines
Poland
Portugal
Qatar
Republic of the Congo
Romania
Russia
Rwanda
Saint Kitts and Nevis
Saint Lucia
Saint Vincent and
the Grenadines
Samoa
San Marino
São tomé and Príncipe
Saudi Arabia
Senegal
Serbia
Seychelles
Sierra Leone
Singapore
Slovakia
Slovenia
Solomon Islands
Somalia
South Africa
South Korea
South Sudan
Spain
Sri Lanka
Sudan
Suriname
Sweden
Switzerland
Syria
Taiwan
Tajikistan
Tanzania
Thailand
Togo
Tonga
Trinidad and Tobago
Tunisia
Turkey
Turkmenistan
Tuvalu
Uganda
Ukraine
United Arab Emirates
United Kingdom
United States
Uruguay
Uzbekistan
Vanuatu
Vatican City
Venezuela
Vietnam
Yemen
Zambia
Zimbabwe
Mauriccotanialicarawique
 
Answer Stats
Answer % Correct
Guatemala
71%
Armenia
68%
Pakistan
68%
Serbia
68%
Slovakia
68%
Argentina
66%
China
66%
Iraq
66%
Papua New Guinea
66%
Sweden
66%
Switzerland
66%
Australia
64%
Azerbaijan
64%
Belarus
64%
Bosnia and Herzegovina
64%
Bulgaria
64%
Cuba
64%
Estonia
64%
Greece
64%
Ireland
64%
Mexico
64%
Morocco
64%
Niger
64%
Paraguay
64%
Philippines
64%
Senegal
64%
Ukraine
64%
Uruguay
64%
Brazil
63%
Colombia
63%
El Salvador
63%
Honduras
63%
Indonesia
63%
Iran
63%
Nicaragua
63%
Oman
63%
Panama
63%
Qatar
63%
Sudan
63%
Tunisia
63%
Turkey
63%
Uganda
63%
Uzbekistan
63%
Yemen
63%
Canada
61%
Gabon
61%
Ghana
61%
Jordan
61%
Laos
61%
Lebanon
61%
Liberia
61%
Monaco
61%
Myanmar
61%
Netherlands
61%
Saudi Arabia
61%
Bolivia
59%
Brunei
59%
Burundi
59%
Central African Republic
59%
Chad
59%
Czech Republic
59%
Fiji
59%
Haiti
59%
Ivory Coast
59%
Japan
59%
Kiribati
59%
Kyrgyzstan
59%
Madagascar
59%
Malawi
59%
New Zealand
59%
Peru
59%
Slovenia
59%
Somalia
59%
South Africa
59%
Spain
59%
Tuvalu
59%
Bahrain
57%
Bangladesh
57%
Barbados
57%
Cyprus
57%
Democratic Republic
of the Congo
57%
Denmark
57%
Djibouti
57%
Grenada
57%
Italy
57%
Jamaica
57%
Kosovo
57%
Libya
57%
Mongolia
57%
North Korea
57%
Portugal
57%
Republic of the Congo
57%
Sierra Leone
57%
Sri Lanka
57%
Syria
57%
United States
57%
Vatican City
57%
Andorra
55%
Belize
55%
Benin
55%
Burkina Faso
55%
Ecuador
55%
Eritrea
55%
Federated States
of Micronesia
55%
Finland
55%
France
55%
Germany
55%
Guinea-Bissau
55%
Guyana
55%
Iceland
55%
Luxembourg
55%
Malta
55%
Moldova
55%
Montenegro
55%
Mozambique
55%
Nepal
55%
Poland
55%
Russia
55%
San Marino
55%
São tomé and Príncipe
55%
South Korea
55%
Taiwan
55%
Thailand
55%
Trinidad and Tobago
55%
United Kingdom
55%
Afghanistan
54%
Algeria
54%
Angola
54%
Cameroon
54%
Cape Verde
54%
Dominica
54%
Equatorial Guinea
54%
Ethiopia
54%
Georgia
54%
Hungary
54%
Kenya
54%
Latvia
54%
Mauritius
54%
Namibia
54%
North Macedonia
54%
Palau
54%
Saint Lucia
54%
Singapore
54%
Tonga
54%
Turkmenistan
54%
United Arab Emirates
54%
Bahamas
52%
Chile
52%
Costa Rica
52%
Dominican Republic
52%
India
52%
Israel
52%
Kazakhstan
52%
Lesotho
52%
Lithuania
52%
Malaysia
52%
Nauru
52%
Nigeria
52%
Norway
52%
South Sudan
52%
Suriname
52%
Vanuatu
52%
Venezuela
52%
Albania
50%
Austria
50%
Botswana
50%
Cambodia
50%
Comoros
50%
Croatia
50%
Gambia
50%
Liechtenstein
50%
Marshall Islands
50%
Rwanda
50%
Saint Kitts and Nevis
50%
Solomon Islands
50%
Tajikistan
50%
Tanzania
50%
Togo
50%
Belgium
48%
Egypt
48%
Eswatini
48%
Kuwait
48%
Maldives
48%
Mali
48%
Romania
48%
Saint Vincent and
the Grenadines
48%
Seychelles
48%
Vietnam
48%
Zambia
46%
Zimbabwe
46%
Bhutan
45%
Guinea
45%
Mauritania
45%
Antigua and Barbuda
41%
Samoa
41%
East Timor
39%
No matching quizzes found
Score Distribution
Percent of People with Each Score
Percentile by Number Answered
Your Score History
You have not taken this quiz